Pokémon - Statistiques (9) - Statistiques

Statistiques générales
  • Ce quiz a été pris 32 fois
  • Le résultat moyen est 27 sur 40
Statistiques - réponses
Question Tuile Select % Correct
Quel Pokémon possède la statistique de base en Attaque Spéciale la plus élevée ? Non
100%
Quel Pokémon possède la statistique de base en Vitesse la plus élevée ? Non
100%
Quel Pokémon possède la statistique de base en Vitesse la plus élevée ? Non
97%
Quel Pokémon possède la statistique de base en Défense la plus élevée ? Non
97%
Quel Pokémon possède la statistique de base en Vitesse la plus élevée ? Non
90%
Quel Pokémon possède la statistique de base en Défense la plus élevée ? Non
90%
Quel Pokémon possède la statistique de base en PV la plus élevée ? Non
87%
Quel Pokémon possède la statistique de base en Défense la plus élevée ? Non
87%
Quel Pokémon possède la statistique de base en Attaque Spéciale la plus élevée ? Non
83%
Quel Pokémon possède la statistique de base en Défense Spéciale la plus élevée ? Non
83%
Quel Pokémon possède la statistique de base en Vitesse la plus élevée ? Non
83%
Quel Pokémon possède la statistique de base en Attaque Spéciale la plus élevée ? Non
83%
Quel Pokémon possède la statistique de base en Attaque la plus élevée ? Non
80%
Quel Pokémon possède la statistique de base en Attaque la plus élevée ? Non
80%
Quel Pokémon possède la statistique de base en Vitesse la plus élevée ? Non
80%
Quel Pokémon possède la statistique de base en Attaque Spéciale la plus élevée ? Non
80%
Quel Pokémon possède la statistique de base en Attaque la plus élevée ? Non
77%
Quel Pokémon possède la statistique de base en Défense Spéciale la plus élevée ? Non
77%
Quel Pokémon possède la statistique de base en Défense Spéciale la plus élevée ? Non
77%
Quel Pokémon possède la statistique de base en Défense la plus élevée ? Non
77%
Quel Pokémon possède la statistique de base en Défense Spéciale la plus élevée ? Non
73%
Quel Pokémon possède la statistique de base en Vitesse la plus élevée ? Oui
70%
Quel Pokémon possède la statistique de base en PV la plus élevée ? Non
70%
Quel Pokémon possède la statistique de base en Défense Spéciale la plus élevée ? Non
67%
Quel Pokémon possède la statistique de base en Défense Spéciale la plus élevée ? Non
67%
Quel Pokémon possède la statistique de base en Défense la plus élevée ? Non
63%
Quel Pokémon possède la statistique de base en Vitesse la plus élevée ? Non
60%
Quel Pokémon possède la statistique de base en Attaque Spéciale la plus élevée ? Non
60%
Quel Pokémon possède la statistique de base en Défense la plus élevée ? Non
57%
Quel Pokémon possède la statistique de base en PV la plus élevée ? Non
50%
Quel Pokémon possède la statistique de base en Défense la plus élevée ? Oui
47%
Quel Pokémon possède la statistique de base en Vitesse la plus élevée ? Oui
47%
Quel Pokémon possède la statistique de base en Défense la plus élevée ? Oui
40%
Quel Pokémon possède la statistique de base en Attaque Spéciale la plus élevée ? Non
37%
Quel Pokémon possède la statistique de base en Attaque la plus élevée ? Oui
37%
Quel Pokémon possède la statistique de base en Défense Spéciale la plus élevée ? Oui
37%
Quel Pokémon possède la statistique de base en Attaque Spéciale la plus élevée ? Oui
37%
Quel Pokémon possède la statistique de base en Attaque Spéciale la plus élevée ? Oui
20%
Quel Pokémon possède la statistique de base en Défense Spéciale la plus élevée ? Oui
20%
Quel Pokémon possède la statistique de base en PV la plus élevée ? Oui
17%
Aucun quiz correspondant
Distribution des résultats
% des personnes avec chaque résultat
Percentile par nombre de réponses
Votre historique - résultats
Vous n’avez pas pris ce quiz